| 000 | 00865nac a22002411u 4500 | ||
|---|---|---|---|
| 010 | _a 2004049389 | ||
| 020 | _a0849321115 (alk. paper) | ||
| 082 | 0 | 0 |
_a620.193 _bCAR |
| 090 |
_c8925 _d8925 |
||
| 100 | _a20080729 | ||
| 245 | 0 | 0 |
_aCarbon nanotubes : _bscience and applications / _cedited by M. Meyyappan. |
| 260 |
_aBoca Raton, FL : _bCRC Press,2005 _cc2005. |
||
| 300 |
_axiii, 289 p. : _bill. ; _c27 cm. |
||
| 500 | _adistributer: Scientific home bookshop | ||
| 504 | _aIncludes bibliographical references and index. | ||
| 511 | _acatalogued by: wessam | ||
| 650 | 0 | _aCarbon. | |
| 650 | 0 | _aNanostructured materials. | |
| 650 | 0 | _aTubes. | |
| 700 | 1 | _aMeyyappan, M. | |
| 856 | 4 | 2 |
_3Publisher description _uhttp://www.loc.gov/catdir/enhancements/fy0646/2004049389-d.html |
| 942 |
_cBB _k620.193CAR |
||
| 999 |
_c8925 _d8925 |
||